000
00295nam a2200133Ia 4500
100
_a
Sen/& Bhattacharya
942
_c
BK
654
_a
Machine
245
_a
Principles of Machine Tools I
260
_b
New central book agency
_a
NONE
_c
1967
300
_a
954
546
_a
ENGLISH
999
_c
35234
_d
35234